000 00954nas a2200337 4500
001 BR2017003018
003 BR-BrBNA
005 20231205131132.0
007 ta
008 230509b bl.|||p| |||| 00| 00por d
040 _aBR-BrBNA
_bpor
_cBiblioteca Nacional de Agricultura
041 _a(En)
072 _aH50
100 1 _aZanuncio, A.J.V.
100 1 _aCarvalho, A.G.
100 1 _aCarneiro, A. de C.O.
100 1 _aValenzuela, P.
100 1 _aGacitúa, W.
100 1 _aLeite, F.P.
100 1 _aColodette, J.L.
245 1 _aCharacterization of eucalyptus clones subject to wind damage
650 _aEUCALIPTO
650 _aCLONE
650 _aSELEÇÃO
650 _aFIBRA
650 _aMADEIRA
650 _aDANO PELO VENTO
773 0 _tPesquisa Agropecuária Brasileira (Brazil)
_xISSN 0104-204X
_g(Nov 2017), v. 52(11) p. 969-976
_wBR2017003018
909 _a202311
_bLúcia
_c55
_dLúcia Elande
942 _2AGRIS
_n0
_cANA
999 _c253200
_d253200